Crónicas de ismael /

Guardado en:
Autor Principal: Cruzat, Marcela
Formato: Libro
Publicado: Buenos Aires : De la Flor, 1985
Materias:
Etiquetas: Agregar Etiqueta
Sin Etiquetas, Sea el primero en etiquetar este registro!
LEADER 00632nam a22002175a 4500
001 CEM.cems001872
005 20100907124104.0
008 130507s1985##################000#0#####d
003 CEMS
020 |a 9505151063 
082 0 4 |a A868.4 
100 1 |a Cruzat, Marcela 
245 1 0 |a Crónicas de ismael /  |c Marcela Cruzat 
260 |a Buenos Aires :  |b De la Flor,  |c 1985 
300 |a 95 p. 
505 0 |a Crónicas de Ismael -- Ciudad triste -- Destino 
653 |a Literatura 
653 |a Literatura argentina-siglo 20 
653 |a Cuentos 
653 |a Cuento argentino 
859 |a CEMS  |b BIB. CEMS - 11 de abril  |h A868.4  |i C889-2  |p 14118.86  |t Ej.1